[Event "Zurich Chess Challenge - Lampo Iniziale"]
[Site "Zurigo"]
[Date "12.02.2016"]
[Round "L3"]
[White "Anand, Viswanathan"]
[Black "Aronian, Levon"]
[Result "0-1"]
[WhiteElo "2764"]
[BlackElo "2814"]
[PlyCount "72"]
[EventDate "2016.??.??"]
[WhiteTeam "Indien"]
[BlackTeam "Armenien"]
[WhiteTeamCountry "IND"]
[BlackTeamCountry "ARM"]

1. e4 e5 2. Nf3 Nc6 3. Bb5 Nf6 4. O-O Nxe4 5. Re1 Nd6 6. Nxe5 Be7 7. Bf1 Nf5 8.
Nf3 O-O 9. d4 d5 10. g3 Re8 11. Nc3 Be6 12. Ne2 Bd6 13. c3 f6 14. Bf4 g5 15.
Bxd6 Nxd6 16. Nc1 Qd7 17. Bg2 Ne7 18. Nd3 b6 19. h4 h6 20. hxg5 hxg5 21. Nxg5
fxg5 22. Ne5 Qd8 23. Qh5 Nef5 24. Ng4 Ng7 25. Qh3 Bxg4 26. Qxg4 Rxe1+ 27. Rxe1
c6 28. f4 Nf7 29. c4 dxc4 30. fxg5 Qxg5 31. Qxg5 Nxg5 32. Bxc6 Rd8 33. Re5 Nf7
34. Re7 Rxd4 35. Rxa7 Nf5 36. Kf2 Ne5 0-1

[Event "Zürich Chess Challenge"]
[Site "Zurigo"]
[Date "13.02.2016"]
[Round "2"]
[White "Giri, Anish"]
[Black "Anand, Viswanathan"]
[Result "0-1"]
[WhiteTitle "GM"]
[BlackTitle "GM"]
[WhiteElo "2798"]
[BlackElo "2784"]
[WhiteFideId "24116068"]
[BlackFideId "5000017"]
[EventDate "2016.02.13"]

1. e4 e5 2. Nf3 Nc6 3. Bc4 Bc5 4. O-O Nf6 5. d3 d6 6. c3 a6 7. a4 O-O 8. Re1 h6
9. h3 Be6 10. Bxe6 fxe6 11. Be3 Bxe3 12. Rxe3 Qd7 13. Nbd2 Qf7 14. g3 Nd7 15.
Kg2 a5 16. Qc2 Nc5 17. Rf1 Qd7 18. b3 Ne7 19. Nc4 b5 20. axb5 Qxb5 21. Rb1 Nc6
22. Ncd2 Rab8 23. d4 exd4 24. Nxd4 Nxd4 25. cxd4 Na6 26. Qc3 Qb6 27. Nf3 Nb4 28.
Qc4 Rbe8 29. Rc1 Rf7 30. Nd2 Ref8 31. f4 e5 32. Nf3 exf4 33. gxf4 d5 34. exd5
Qd6 35. Ne5 Rxf4 36. Kg1 Kh7 37. Rg3 R8f5 38. Rg4 Qf6 39. Rxf4 Rxf4 40. Rf1 Qg5+
41. Kh2 Re4 42. Nf3 Qf4+ 43. Kg2 Re3 44. Qc1 Re2+ 45. Kh1 Qg3 0-1

[Event "Zürich Chess Challenge"]
[Site "Zurigo"]
[Date "14.02.2016"]
[Round "3"]
[White "Anand, Viswanathan"]
[Black "Shirov, Alexei"]
[Result "1/2-1/2"]
[WhiteTitle "GM"]
[BlackTitle "GM"]
[WhiteElo "2784"]
[BlackElo "2684"]
[WhiteFideId "5000017"]
[BlackFideId "2209390"]
[EventDate "2016.02.13"]

1. e4 e5 2. Nf3 Nc6 3. Bb5 a6 4. Ba4 Nf6 5. d3 d6 6. c3 g6 7. O-O Bg7 8. Nbd2
O-O 9. Re1 Nh5 10. Nf1 f5 11. Ng3 fxe4 12. Bb3+ Kh8 13. Ng5 Nf4 14. Nf7+ Rxf7
15. Bxf7 Qf8 16. Bb3 exd3 17. Bc4 d5 18. Bxd3 e4 19. Bf1 g5 20. c4 dxc4 21. Nxe4
Ne5 22. Bxf4 gxf4 23. Ng5 Bf5 24. Qd5 c6 25. Qa5 b5 26. Rad1 Qe7 27. Ne4 Rg8 28.
Nd6 Bc2 29. Qd2 Bxd1 30. Qxd1 Rf8 31. Ne4 f3 32. g3 Rd8 33. Qc1 Nd3 34. Bxd3
cxd3 35. Qxc6 Bxb2 36. Kf1 Qd7 37. Qxd7 Rxd7 38. Rd1 Rd5 39. Nd2 b4 40. Nxf3 Bc3
41. Ne1 d2 42. Nf3 Ra5 43. Nxd2 Rxa2 44. Ne4 a5 45. Nxc3 bxc3 46. Rc1 Ra3 47.
Ke2 a4 48. Rc2 Rb3 49. Kd3 a3 50. Kc4 a2 51. Rxa2 Rb2 52. Ra8+ 1/2-1/2

[Event "Zürich Chess Challenge"]
[Site "Zurigo"]
[Date "14.02.2016"]
[Round "4"]
[White "Kramnik, Vladimir"]
[Black "Giri, Anish"]
[Result "1-0"]
[WhiteTitle "GM"]
[BlackTitle "GM"]
[WhiteElo "2801"]
[BlackElo "2798"]
[WhiteFideId "4101588"]
[BlackFideId "24116068"]
[EventDate "2016.02.13"]

1. Nf3 d5 2. g3 g6 3. Bg2 Bg7 4. d4 c6 5. O-O Nf6 6. b3 O-O 7. Bb2 Bf5 8. c4 a5
9. Nc3 Ne4 10. cxd5 Nxc3 11. Bxc3 cxd5 12. Ne5 Nc6 13. Qd2 a4 14. Nxc6 bxc6 15.
b4 Bc8 16. e4 Ba6 17. Rfe1 dxe4 18. Bxe4 Bb5 19. Rac1 e6 20. a3 Qd6 21. Bb2 Rfd8
22. Red1 Rac8 23. Rc5 Qb8 24. Rdc1 Qb7 25. Qg5 h6 26. Qf4 Qd7 27. Bf3 g5 28. Qe3
Rc7 29. Qc3 Rdc8 30. Be4 Qd6 31. Bb1 Kf8 32. Qc2 Ke7 33. Re1 Kf8 34. d5 e5 35.
Rc1 Bf6 36. Qf5 Bg7 37. dxc6 Bxc6 38. Qc2 Qe6 39. Qf5 Qd6 40. Ba2 Be8 41. Qxc8
Rxc8 42. Rxc8 Qd2 43. R1c7 Qxb2 44. Rxf7+ Kg8 45. Rxe8+ Kh7 46. Bd5 1-0

[Event "Zürich Chess Challenge - Lampo"]
[Site "Zurigo"]
[Date "15.02.2016"]
[Round "L4"]
[White "Aronian, Levon"]
[Black "Shirov, Alexei"]
[Result "1-0"]
[WhiteTitle "GM"]
[BlackTitle "GM"]
[WhiteElo "2792"]
[BlackElo "2684"]
[WhiteFideId "13300474"]
[BlackFideId "2209390"]
[EventDate "2016.02.15"]

1. c4 e6 2. g3 d5 3. Bg2 Nf6 4. Nf3 d4 5. O-O c5 6. e3 Nc6 7. exd4 Nxd4 8. Nxd4
Qxd4 9. d3 Be7 10. Nc3 O-O 11. Be3 Qd6 12. Qe2 e5 13. h3 Be6 14. Rfe1 Rfd8 15.
Bxb7 Rab8 16. Bg2 Qxd3 17. Nd5 Qxe2 18. Nxe7+ Kf8 19. Rxe2 Bxc4 20. Rc2 Bd3 21.
Rxc5 Kxe7 22. Rxe5+ Kf8 23. b3 a6 24. Rc1 Rbc8 25. Rec5 Rxc5 26. Bxc5+ Kg8 27.
Rd1 Rd7 28. Bc6 Rd8 29. Be7 Rd4 30. Bxf6 gxf6 31. Bg2 Rd7 32. Bf1 1-0

[Event "Match Gelfand-Morozevich"]
[Site "Zurigo"]
[Date "13.02.2016"]
[Round "M1"]
[White "Morozevich, Alexander"]
[Black "Gelfand, Boris"]
[Result "1/2-1/2"]
[WhiteElo "2683"]
[BlackElo "2735"]
[PlyCount "63"]
[EventDate "2016.??.??"]
[WhiteTeam "Russland"]
[BlackTeam "Israel"]
[WhiteTeamCountry "RUS"]
[BlackTeamCountry "ISR"]
[WhiteClock "0:01:41"]
[BlackClock "0:03:04"]

1. d4 Nf6 2. c4 g6 3. Nc3 d5 4. Nf3 Bg7 5. Qb3 dxc4 6. Qxc4 O-O 7. e4 Na6 8.
Be2 c5 9. d5 e6 10. O-O exd5 11. exd5 Bf5 12. Be3 Qb6 13. h3 Rfe8 14. g4 Bd7
15. Rad1 Rac8 16. d6 Be6 17. Qb5 Nb4 18. Ng5 Bd7 19. Qc4 Rf8 20. Rd2 h6 21.
Nge4 Nxe4 22. Nxe4 Be6 23. Qb5 Qxb5 24. Bxb5 b6 25. d7 Rcd8 26. a3 Nd5 27. Bxh6
Bxd7 28. Bxg7 Kxg7 29. Bxd7 Rxd7 30. Rfd1 Re7 31. Nxc5 Nf4 32. Nd3 1/2-1/2